| 000 | 02351cam a22005054i 4500 | ||
|---|---|---|---|
| 003 | PE-LiUPU | ||
| 005 | 20250731165518.0 | ||
| 008 | 150623s r 000 0 d | ||
| 020 | _a1850759251 | ||
| 035 | _a(Sirsi) i9781850759256 | ||
| 040 |
_aPE-LiUPU _bspa _cPE-LiUPU _erda |
||
| 049 | _aPRUA | ||
| 082 | 0 | 4 |
_a221.07 _bJ _221 |
| 100 | 1 |
_aMcNamara, Martín, _eautor. |
|
| 245 | 1 | 4 |
_aThe Psalms in the early irish church. _n165 / _cMartín McNamara. |
| 264 | 1 |
_aSheffield, England : _bSheffield Academic Press, _c2000. |
|
| 300 |
_a492 páginas ; _c22 centímetros |
||
| 336 |
_atext _2rdacontent |
||
| 337 |
_aunmediated _2rdamedia |
||
| 338 |
_avolume _2rdacarrier |
||
| 490 | 0 |
_aJournal for the study of the O.T. Supplement Series ; _v165 |
|
| 504 | _aincluye bibliografía. | ||
| 505 | 0 | _aPsalter text and psalter study in the early irish church. The Psalms in the irish church: The most recent research on text, commentary and decoration-with emphasis on the so-called psalter of charlemagne. Introduction to glossa in Psalmos: The hiberno-latin gloss on the psalms of codex palatinus latinus 68. Tradition and creativity in early irish psalter study. Some affiliations of the st columba series of Psalm headings: a preliminary study. The psalter in early irish monastic spirituality. Christology and the interpretation of the Psalms in the early irish church. The irish affiliations of the catechisis celtica. | |
| 526 | _aSEG44 | ||
| 526 | _aSEG26 | ||
| 526 | _aP151 | ||
| 526 | _aP150 | ||
| 526 | _aP149 | ||
| 526 | _aP146 | ||
| 526 | _aP145 | ||
| 526 | _aP126 | ||
| 526 | _aP125 | ||
| 526 | _aP92 | ||
| 526 | _aP75 | ||
| 526 | _aP74 | ||
| 526 | _aP27 | ||
| 526 | _aP15 | ||
| 630 |
_aBiblia. _pA.T. _pSalmos _xComentarios. |
||
| 942 |
_2ddc _cBOOK |
||
| 949 |
_aRC 221.07 J 165 _wDEWEY _c1 _i51016 _lCCODEBUL1 _mBUL _p15.00 _r0 _sY _tBOOK _u2015-6-24 _xTEOLOGIA _PP35 _0COMPRA _o.CIRCNOTE. No olvidar cambiar la fecha de devolución!!!!!!! _o.STAFF. Colección General |
||
| 994 |
_aC0 _bPEPRU |
||
| 596 | _a1 | ||
| 999 |
_aRC 221.07 J 165 _wDEWEY _c32702 _i51016 _f2021-11-8 _g6 _lCCODEBUL1 _mBUL _p15.00 _r1 _sY _tBOOK _u2015-6-24 _xTEOLOGIA _PP35 _0COMPRA _o.CIRCNOTE. No olvidar cambiar la fecha de devolución!!!!!!! _o.STAFF. Colección General _d32702 |
||
| 980 |
_81 _gALBERTO SANCHEZ Responsable de Automatización |
||